| 000 | 01324nam a22003255i 4500 | ||
|---|---|---|---|
| 999 |
_c27676 _d27647 |
||
| 003 | EG-ScBUE | ||
| 005 | 20191013145904.0 | ||
| 008 | 191013s2010 ua a f b 000 0 ara d | ||
| 017 | _a2010 / 10525 | ||
| 020 | _a9789774034091 | ||
| 040 |
_aEG-ScBUE _bara _cEG-ScBUE _dEG-ScBUE _erda |
||
| 041 | 0 | _aara | |
| 043 | _aa-my--- | ||
| 082 | 0 | 4 |
_a303.482595 _bم ا ل _222 |
| 245 | 0 | 0 |
_aماليزيا والعولمة / _cتحرير أ. د. هدى ميتكيس، أ. د. حسن بصري. |
| 264 | 1 |
_aالجيزة، مصر : _bمركز الدراسات الآسيوية، كلية الاقتصاد والعلوم السياسية، جامعة القاهرة، _c2010. |
|
| 300 |
_a1 مجلد (متعدد الترقيم) : _bإيضاحيات ؛ _c24 سم |
||
| 336 |
_aنص _btxt _2rdacontent |
||
| 337 |
_aبدون وسيط _bn _2rdamedia |
||
| 338 |
_aمجلد _bnc _2rdacarrier |
||
| 504 | _aيشتمل على إرجاعات ببليوجرافية. | ||
| 541 |
_aDr. Gamal Selim ; _cDonation ; |
||
| 650 | 7 |
_aالعولمة. _2BUEsh |
|
| 650 | 7 |
_aالعولمة _xجوانب سياسية. _2BUEsh |
|
| 651 | 7 |
_aماليزيا _xأحوال سياسية. _2BUEsh |
|
| 653 |
_bMASPPSS _bBUSBOL _cOctober2019 |
||
| 700 | 1 |
_aميتيكس، هدى، _eمحرر. |
|
| 700 | 1 |
_aبصري، حسن، _eمحرر. |
|
| 942 | _2ddc | ||